| 000 | 02009nam0a2200385 4500 | ||
|---|---|---|---|
| 001 | RU\NLR\bibl\2084550 | ||
| 005 | 20260407071605.0 | ||
| 010 |
_a978-5-09-032179-2 _910000 |
||
| 021 |
_aRU _b2013-77950 _9532д/13 |
||
| 035 | _a(NLR Aleph) 002074674 | ||
| 090 |
_a4791531 _c4791531 |
||
| 100 | _a20131022d2014 |||y0rusy50 ca | ||
| 101 | 0 | _arus | |
| 102 | _aRU | ||
| 105 | _aa jzzz000yy | ||
| 200 | 1 |
_aФизика _e8 класс _eучебник для общеобразовательных учреждений с приложением на электронном носителе _fВ. В. Белага, И. А. Ломаченков, Ю. А. Панебратцев _gРос. акад. наук [и др.] |
|
| 205 | _a2-е изд. | ||
| 210 |
_aМосква _cПросвещение _d2014 _d[т.е. 2013] |
||
| 215 |
_a159 с. _cцв. ил., портр. _d27 _e1 электрон. опт. диск (CD-ROM) |
||
| 225 | 1 | _aАкадемический школьный учебник | |
| 225 | 1 | _aСферы | |
| 225 | 1 | _aПроект "Российская академия наук, Российская академия образования, издательство "Просвещение" - российской школе" | |
| 225 | 1 | _aФГОС | |
| 300 | _aВ надзаг. также: Рос. акад. образования, Изд-во "Просвещение" | ||
| 300 | _aКн. фактически изд. в 2013 г. | ||
| 606 | 1 |
_aФизика _jУчебники для средней школы _9898198 _3RU\NLR\AUTH\665898 |
|
| 686 | 1 | _aВ3я721-1 | |
| 700 | 1 |
_aБелага _bВ. В. _gВиктория Владимировна _4070 |
|
| 701 | 1 |
_aЛомаченков _bИ. А. _gИван Алексеевич _4070 |
|
| 701 | 1 |
_4070 _7ca _8rus _aПанебратцев _bЮ. А. _f1952- _gЮрий Анатольевич _3RU\NLR\AUTH\770281635 _92653602 |
|
| 801 | 1 |
_aRU _bNLR _c20131022 |
|
| 942 | _cBOOK | ||
| 980 | _aNB | ||